| 000 | 00468nam a2200205Ia 4500 | ||
|---|---|---|---|
| 003 | 0100 | ||
| 008 | 130303s9999 xx 000 0 und d | ||
| 020 | _a9231014218 | ||
| 040 | _cARRUPELIB | ||
| 050 | _aLB1135.W33 | ||
| 100 | _aWall, William Douglas | ||
| 245 | _aConstructive education for adolescents | ||
| 260 | _aParis | ||
| 260 | _bUnesco | ||
| 260 | _C1977 | ||
| 300 | _axi | ||
| 300 | _b 333p. 24cm. | ||
| 700 | _aWilliam Douglas Wall | ||
| 942 | 0 | 0 | _01 |
| 999 |
_c7437 _d7437 |
||